[Event "Florianopolis op 9th"]
[Site "Florianopolis"]
[Date "2023.01.28"]
[Round "9"]
[White "Mazetto, Sergio Luiz"]
[Black "Weise, William Ferreira"]
[Result "1-0"]
[WhiteElo "2065"]
[BlackElo "1856"]
[PlyCount "129"]
[EventDate "2023.01.23"]
[EventType "swiss"]
[EventRounds "10"]
[EventCountry "BRA"]
[SourceTitle "CBM 212 Extra"]
[Source "ChessBase"]
[SourceDate "2023.03.31"]
[SourceVersion "1"]
[SourceVersionDate "2023.03.31"]
[SourceQuality "1"]

1. d4 Nf6 2. Bg5 d5 3. e3 Bf5 4. Bxf6 exf6 5. Bd3 Be6 6. Nd2 Nd7 7. Ngf3 c6 8. a3 Bd6 9. c4 dxc4 10. Bxc4 Nb6 11. Bxe6 fxe6 12. 0-0 Qd7 13. Rc1 0-0 14. Ne4 f5 15. Nc5 Bxc5 16. Rxc5 Qe7 17. b4 Nd7 18. Rc1 g5 19. Qb3 g4 20. Ne5 Nxe5 21. dxe5 Rad8 22. Rcd1 a6 23. Qc4 Rd5 24. Qf4 Rfd8 25. Rd4 Qg7 26. Rfd1 Kf7 27. Rxd5 Rxd5 28. Rxd5 exd5 29. Qxf5+ Ke7 30. Qc8 Qxe5 31. Qxb7+ Kf8 32. Qxa6 Qa1+ 33. Qf1 Qxa3 34. Qb1 Qa6 35. Qf5+ Ke8 36. h3 gxh3 37. gxh3 Qc4 38. Qg4 Qc2 39. h4 Kd8 40. Kg2 Kc7 41. Qd4 Qg6+ 42. Kf3 Kb7 43. Ke2 Qc2+ 44. Kf1 Qb1+ 45. Kg2 Qg6+ 46. Kh3 h5 47. Qf4 Ka6 48. Qg5 Qe6+ 49. Kh2 Qd6+ 50. f4 Qxb4 51. f5 Qe1 52. Qg3 Qf1 53. Qf4 Qe2+ 54. Kg3 Qd1 55. Qf3 Qg1+ 56. Kh3 Qg7 57. Qxh5 Qe7 58. Qg5 Qd7 59. h5 c5 60. h6 Ka5 61. Kg4 Qe8 62. h7 c4 63. Qh6 Qe4+ 64. Qf4 Qe8 65. Qd4 1-0

[Event "Florianopolis op 9th"]
[Site "Florianopolis"]
[Date "2023.01.28"]
[Round "8"]
[White "Moyses Sobrinho, Elias"]
[Black "Mazetto, Sergio Luiz"]
[Result "1/2-1/2"]
[WhiteElo "1852"]
[BlackElo "2065"]
[PlyCount "90"]
[EventDate "2023.01.23"]
[EventType "swiss"]
[EventRounds "10"]
[EventCountry "BRA"]
[SourceTitle "CBM 212 Extra"]
[Source "ChessBase"]
[SourceDate "2023.03.31"]
[SourceVersion "1"]
[SourceVersionDate "2023.03.31"]
[SourceQuality "1"]

1. d4 d5 2. c4 c6 3. cxd5 cxd5 4. Nc3 Nf6 5. Bf4 Nc6 6. e3 a6 7. Nf3 Bg4 8. Be2 Bxf3 9. Bxf3 e6 10. 0-0 Bd6 11. Bxd6 Qxd6 12. h3 0-0 13. a3 b5 14. b4 Rac8 15. Rc1 Nd7 16. Nb1 Nb6 17. Nd2 Nc4 18. Nxc4 bxc4 19. Qd2 Rb8 20. Rfd1 Rb5 21. e4 Rfb8 22. exd5 exd5 23. Qe3 a5 24. bxa5 Rxa5 25. Rc3 h6 26. Ra1 Rab5 27. g3 Rb3 28. Bd1 Rxc3 29. Qxc3 Qf6 30. a4 Nxd4 31. Kg2 Nc6 32. Qxf6 gxf6 33. Bf3 Rd8 34. a5 Rd7 35. a6 Kf8 36. Bxd5 Rxd5 37. a7 Nxa7 38. Rxa7 Rc5 39. Ra2 Ke7 40. Kf3 f5 41. Ke3 c3 42. Rc2 Kf6 43. Kd4 Re5 44. Rxc3 Re2 45. Rf3 Kg5 1/2-1/2

[Event "Florianopolis op 8th"]
[Site "Florianopolis"]
[Date "2022.01.27"]
[Round "6"]
[White "Baeta, Marcio Netto"]
[Black "Mazetto, Sergio Luiz"]
[Result "1/2-1/2"]
[WhiteElo "1831"]
[BlackElo "2084"]
[PlyCount "53"]
[EventDate "2022.01.24"]
[EventType "swiss"]
[EventRounds "10"]
[EventCountry "BRA"]
[SourceTitle "CBM 206 Extra"]
[Source "ChessBase"]
[SourceDate "2022.03.31"]
[SourceVersion "1"]
[SourceVersionDate "2022.03.31"]
[SourceQuality "1"]

1. Nf3 d5 2. d4 Bf5 3. g3 Nf6 4. Bg2 e6 5. 0-0 Nbd7 6. c4 c6 7. Qb3 Qb6 8. Nc3 dxc4 9. Qxc4 h6 10. a3 Bd6 11. Na4 Qc7 12. Nc5 0-0 13. b4 b5 14. Qb3 Nb6 15. Nd2 e5 16. Bb2 Rad8 17. e4 Bg4 18. f3 Bc8 19. f4 Bxc5 20. bxc5 Nc4 21. Nxc4 bxc4 22. Qxc4 exd4 23. Bxd4 Ba6 24. Qc3 Bxf1 25. Rxf1 Qe7 26. Be5 Rfe8 27. Bd6 1/2-1/2

[Event "BRA-ch 87th"]
[Site "Cuiaba"]
[Date "2021.11.02"]
[Round "9"]
[White "Mazetto, Sergio Luiz"]
[Black "Federzoni, Enzo"]
[Result "1/2-1/2"]
[WhiteElo "2119"]
[BlackElo "2215"]
[PlyCount "109"]
[EventDate "2021.10.28"]
[EventType "swiss"]
[EventRounds "11"]
[EventCountry "BRA"]
[SourceTitle "CBM 205 Extra"]
[Source "ChessBase"]
[SourceDate "2022.01.31"]
[SourceVersion "1"]
[SourceVersionDate "2022.01.31"]
[SourceQuality "1"]

1. d4 Nf6 2. Bg5 e6 3. Nd2 c5 4. e3 d5 5. c3 h6 6. Bh4 Nc6 7. Ngf3 Be7 8. Bd3 0-0 9. 0-0 b6 10. Ne5 Nxe5 11. dxe5 Nd7 12. Bg3 f5 13. exf6 Bxf6 14. Qh5 c4 15. Bc2 Qe7 16. Qg6 Qc5 17. e4 Rf7 18. exd5 Nf8 19. Qh5 exd5 20. Rad1 Bb7 21. Nf3 d4 22. Qxc5 bxc5 23. cxd4 Bxf3 24. gxf3 cxd4 25. Be4 Rd8 26. Rc1 c3 27. bxc3 dxc3 28. Rfd1 Rfd7 29. Rxd7 Rxd7 30. Kf1 g5 31. f4 Rd2 32. fxg5 hxg5 33. Rc2 Rd4 34. f3 Kg7 35. Be1 Rc4 36. Bf2 Rc7 37. Ke2 Ne6 38. Be3 Be5 39. h3 Kf6 40. Kd1 Bd4 41. Re2 Bxe3 42. Rxe3 Nd4 43. Bc2 Nxc2 44. Kxc2 Kf5 45. Re4 Rh7 46. Ra4 Rxh3 47. Kxc3 Rxf3+ 48. Kd2 g4 49. Ke2 Rc3 50. Rxa7 Kf4 51. Kf2 Rc2+ 52. Kg1 Kg3 53. Ra3+ Kh4 54. Rb3 Rxa2 55. Rb1 1/2-1/2

[Event "Curitiba op"]
[Site "Curitiba"]
[Date "2016.04.23"]
[Round "5"]
[White "Mazetto, Sergio Luiz"]
[Black "Ferrero, Carlos E"]
[Result "1/2-1/2"]
[WhiteElo "2188"]
[BlackElo "1923"]
[PlyCount "80"]
[EventDate "2016.04.21"]
[EventType "swiss"]
[EventRounds "7"]
[EventCountry "BRA"]
[SourceTitle "CBM 172 Extra"]
[Source "ChessBase"]
[SourceDate "2016.06.21"]
[SourceVersion "1"]
[SourceVersionDate "2016.06.21"]
[SourceQuality "1"]

1. d4 d5 2. Bg5 Nf6 3. e3 e6 4. Nd2 Be7 5. Bd3 Nbd7 6. f4 b6 7. Ngf3 Bb7 8. 0-0 Ne4 9. Bxe7 Qxe7 10. a4 a5 11. Ne5 Nxd2 12. Qxd2 Nxe5 13. fxe5 Ba6 14. Bxa6 Rxa6 15. Qd3 Ra8 16. Qb5+ Kf8 17. Rf3 Kg8 18. Raf1 Rf8 19. Qc6 h5 20. c3 Rh6 21. e4 dxe4 22. Qxe4 f5 23. exf6 Rhxf6 24. Rxf6 Rxf6 25. Re1 Kf7 26. Qc6 Qd6 27. Qxd6 cxd6 28. b4 axb4 29. cxb4 Ke7 30. a5 bxa5 31. bxa5 Kd7 32. a6 Kc6 33. Rb1 Rf7 34. Ra1 Kb6 35. Re1 Rf6 36. Ra1 Ka7 37. Rc1 Kxa6 38. Rc6+ Kb5 39. Rxd6 Kc4 40. g3 h4 1/2-1/2

[Event "Sao Paulo Camara Memorial 1st"]
[Site "Sao Paulo"]
[Date "2016.03.13"]
[Round "6"]
[White "Cadilhac, Igor Tokuichi Kikuc"]
[Black "Mazetto, Sergio Luiz"]
[Result "1/2-1/2"]
[WhiteElo "2127"]
[BlackElo "2188"]
[PlyCount "36"]
[EventDate "2016.03.11"]
[EventType "swiss"]
[EventRounds "6"]
[EventCountry "BRA"]
[SourceTitle "CBM 171 Extra"]
[Source "ChessBase"]
[SourceDate "2016.04.26"]
[SourceVersion "1"]
[SourceVersionDate "2016.04.26"]
[SourceQuality "1"]

1. e4 g6 2. d4 Bg7 3. Nc3 c6 4. f4 Qb6 5. Nf3 d5 6. exd5 Nh6 7. dxc6 bxc6 8. Na4 Qa5+ 9. c3 Bg4 10. Be2 Nf5 11. 0-0 Nd7 12. h3 Bxf3 13. Bxf3 Rc8 14. b4 Qc7 15. Nc5 Nxc5 16. bxc5 e6 17. Qa4 0-0 18. Rb1 Ne7 1/2-1/2

[Event "Florianopolis op 2nd"]
[Site "Florianopolis"]
[Date "2016.01.20"]
[Round "7"]
[White "Alboredo, Julia"]
[Black "Mazetto, Sergio Luiz"]
[Result "1/2-1/2"]
[WhiteElo "2057"]
[BlackElo "2212"]
[PlyCount "57"]
[EventDate "2016.01.16"]
[EventType "swiss"]
[EventRounds "10"]
[EventCountry "BRA"]
[SourceTitle "CBM 170 Extra"]
[Source "ChessBase"]
[SourceDate "2016.02.25"]
[SourceVersion "1"]
[SourceVersionDate "2016.02.25"]
[SourceQuality "1"]

1. e4 g6 2. d4 Bg7 3. Nc3 c6 4. f4 Qb6 5. Nf3 d5 6. e5 Bg4 7. Be2 Nh6 8. Na4 Qc7 9. 0-0 Nf5 10. c3 e6 11. Nc5 Nd7 12. Nxd7 Qxd7 13. Ne1 Bxe2 14. Qxe2 h5 15. Nc2 Bf8 16. Ne3 c5 17. Nxf5 gxf5 18. Be3 Rc8 19. Rf3 h4 20. Rh3 Be7 21. dxc5 Bxc5 22. Bxc5 Rxc5 23. Qf2 Qb5 24. b4 Rc4 25. Rxh4 Rxh4 26. Qxh4 Rxc3 27. Qh8+ Ke7 28. Qf6+ Ke8 29. Qh8+ 1/2-1/2

[Event "Florianopolis op 2nd"]
[Site "Florianopolis"]
[Date "2016.01.16"]
[Round "1"]
[White "Mazetto, Sergio Luiz"]
[Black "Durante, Taina Seidel"]
[Result "1-0"]
[WhiteElo "2212"]
[BlackElo "1727"]
[PlyCount "49"]
[EventDate "2016.01.16"]
[EventType "swiss"]
[EventRounds "10"]
[EventCountry "BRA"]
[SourceTitle "CBM 170 Extra"]
[Source "ChessBase"]
[SourceDate "2016.02.25"]
[SourceVersion "1"]
[SourceVersionDate "2016.02.25"]
[SourceQuality "1"]

1. e4 c5 2. Ne2 d6 3. g3 Nf6 4. Bg2 Nc6 5. 0-0 e6 6. c3 Qc7 7. d4 cxd4 8. cxd4 Bd7 9. Nbc3 Be7 10. h3 0-0 11. Be3 Qd8 12. g4 Ne8 13. f4 Na5 14. b3 b5 15. Qd2 a6 16. f5 f6 17. fxe6 Bxe6 18. Nf4 Bd7 19. Ncd5 Nc6 20. Rac1 Rb8 21. Rc2 Nc7 22. Nxc7 Qxc7 23. d5 Qb7 24. dxc6 Bxc6 25. Nd5 1-0

[Event "Joao Pessoa op 6th"]
[Site "Joao Pessoa"]
[Date "2015.03.15"]
[Round "5"]
[White "Zallio, Luciano de Souza"]
[Black "Mazetto, Sergio Luiz"]
[Result "0-1"]
[WhiteElo "2141"]
[BlackElo "2193"]
[PlyCount "126"]
[EventDate "2015.03.13"]
[EventType "swiss"]
[EventRounds "6"]
[EventCountry "BRA"]
[SourceTitle "CBM 165 Extra"]
[Source "ChessBase"]
[SourceDate "2015.04.21"]
[SourceVersion "1"]
[SourceVersionDate "2015.04.21"]
[SourceQuality "1"]

1. d4 d5 2. Nf3 Bf5 3. e3 e6 4. Be2 c6 5. 0-0 Nd7 6. b3 Bd6 7. Bb2 Qc7 8. c4 Ngf6 9. Nbd2 h5 10. c5 Be7 11. b4 Ne4 12. a4 Bf6 13. Rc1 g5 14. Nxe4 Bxe4 15. Bd3 Bxd3 16. Qxd3 g4 17. Nd2 Bg7 18. e4 Nf6 19. e5 Nh7 20. f4 f5 21. exf6 Nxf6 22. Rce1 Kf7 23. f5 exf5 24. Re5 Rhf8 25. Qxf5 Kg8 26. Qe6+ Qf7 27. b5 Qxe6 28. Rxe6 Kf7 29. Rd6 Rad8 30. bxc6 Rxd6 31. cxd6 bxc6 32. Ba3 Bh6 33. Nb3 Be3+ 34. Kh1 Rb8 35. Na5 Ke6 36. Re1 Ne4 37. g3 Bd2 38. Nxc6 Rb6 39. d7 Kxd7 40. Ne5+ Ke6 41. Rf1 Rb3 42. Bf8 Rb2 43. Nd3 Ra2 44. Nc5+ Nxc5 45. Bxc5 Rxa4 46. Rd1 Bc3 47. Rd3 Bb4 48. Re3+ Kf6 49. Bxb4 Rxb4 50. Re5 Rxd4 51. Rxh5 a5 52. Rh6+ Kf5 53. Ra6 Ke4 54. Kg2 Rd2+ 55. Kg1 Ra2 56. Rg6 Kf3 57. Rf6+ Ke3 58. Rf4 d4 59. Rxg4 d3 60. Rg7 d2 61. Re7+ Kf3 62. Rf7+ Ke4 63. Re7+ Kf5 0-1

[Event "Sao Paulo Braga Memorial 2nd"]
[Site "Sao Paulo"]
[Date "2013.07.13"]
[Round "9"]
[White "Mazetto, Sergio Luiz"]
[Black "Rodrigues, Leonardo De Miranda"]
[Result "1/2-1/2"]
[WhiteElo "2178"]
[BlackElo "2095"]
[PlyCount "61"]
[EventDate "2013.07.05"]
[EventType "swiss"]
[EventRounds "9"]
[EventCountry "BRA"]
[SourceTitle "CBM 155 Extra"]
[Source "ChessBase"]
[SourceDate "2013.08.26"]
[SourceVersion "1"]
[SourceVersionDate "2013.08.26"]
[SourceQuality "1"]

1. d4 Nf6 2. Bg5 Ne4 3. h4 c5 4. d5 Qb6 5. Nd2 Nxd2 6. Bxd2 e5 7. dxe6 fxe6 8. e4 Be7 9. Bc3 0-0 10. Qg4 Rf7 11. Nf3 Nc6 12. Ng5 Bxg5 13. hxg5 g6 14. 0-0-0 Nd4 15. Bd3 Qc7 16. Rh4 e5 17. Qg3 d6 18. Bxd4 cxd4 19. f4 exf4 20. Rxf4 Rxf4 21. Qxf4 Be6 22. Kb1 Rf8 23. Qh4 b5 24. b3 b4 25. Rh1 Qg7 26. Qh2 Rd8 27. Rf1 Qe5 28. Qh6 Rc8 29. Kb2 d5 30. exd5 Bxd5 31. Rh1 1/2-1/2

[Event "Sao Paulo Braga Memorial 2nd"]
[Site "Sao Paulo"]
[Date "2013.07.10"]
[Round "6"]
[White "Fernandez, Daniel"]
[Black "Mazetto, Sergio Luiz"]
[Result "1-0"]
[WhiteElo "2398"]
[BlackElo "2178"]
[PlyCount "71"]
[EventDate "2013.07.05"]
[EventType "swiss"]
[EventRounds "9"]
[EventCountry "BRA"]
[SourceTitle "CBM 155 Extra"]
[Source "ChessBase"]
[SourceDate "2013.08.26"]
[SourceVersion "1"]
[SourceVersionDate "2013.08.26"]
[SourceQuality "1"]

1. d4 Nf6 2. c4 e5 3. dxe5 Ng4 4. Bf4 Bb4+ 5. Nd2 Qe7 6. Ngf3 Nc6 7. a3 Ngxe5 8. Nxe5 Nxe5 9. e3 Bxd2+ 10. Qxd2 d6 11. Be2 b6 12. Bg3 Bb7 13. 0-0 h5 14. f4 Ng4 15. Bxg4 hxg4 16. e4 0-0-0 17. Rae1 Qd7 18. f5 f6 19. b4 Rhe8 20. Rf4 Re7 21. b5 Qe8 22. Rxg4 Qf7 23. Qc2 Rde8 24. a4 Qg8 25. a5 Qf7 26. axb6 axb6 27. h3 Qg8 28. c5 dxc5 29. e5 Qf8 30. e6 Rd8 31. Ra1 Rd4 32. Rxd4 cxd4 33. Bd6 Qd8 34. Bxe7 Qxe7 35. Re1 Qb4 36. Qe2 1-0